000 00498cam a2200193ua 4500
001 7921
008 141230n ii |||gr||||Z||||||hin
040 _cMAIN
041 _ahin
082 _a891.431
100 _aSingh, K. P.,
_eAuthor.
245 1 _aSamkalin hindi kabita ka sandharkh
_cEdited by Kameshwar Prasad Singh
250 _a1st.
260 _aBaranasi:
_bSanjay,
_c1990.
300 _a138p.
653 _aEast Indo-European & Celtic literatures
653 _aHindi poems
942 _cBK
999 _c7041
_d7041